Normal view
MARC view
Entry Personal Name
001 - CONTROL NUMBER
- control field: 160207
003 - CONTROL NUMBER IDENTIFIER
- control field: OSt
005 - DATE AND TIME OF LATEST TRANSACTION
- control field: 20220923211313.0
008 - FIXED-LENGTH DATA ELEMENTS
- fixed length control field: 220923|| aca||aabn | a|a d
040 ## - CATALOGING SOURCE
- Original cataloging agency: OSt
- Transcribing agency: OSt
100 ## - HEADING--PERSONAL NAME
- Personal name: जगन्नाथदास, रत्नाकर; सिंह, बच्चन, संपा
670 ## - SOURCE DATA FOUND
- Source citation: Work cat.: (OSt)298295: जगन्नाथदास, रत्नाकर; सिंह, बच्चन, संपा., बिहारी - रत्नाकर, 2011
